Roman Gods - Sudden death - Statistics

General Stats
  • This quiz has been taken 1,097 times
  • The average score is 10 of 16
Answers on the Grid
Answers color-coded by a green-red scale on the quiz's grid according to % correct below.
Jupiter
Juno
Minerva
Apollo
Diana
Venus
Mars
Mercury
Vulcan
Neptune
Vesta
Ceres
Luna
Janus
Saturn
Romulus
Dionysus
Osiris
Cleopatra
Aeneas
Athena
Zeus
Poseidon
Crassus
Odin
Fortuna
Cicero
 
Answer Stats
Answer % Correct
Jupiter
83%
Mars
81%
Neptune
81%
Venus
80%
Mercury
77%
Saturn
75%
Juno
70%
Minerva
66%
Diana
64%
Vulcan
62%
Ceres
53%
Janus
53%
Vesta
52%
Luna
51%
Apollo
47%
Fortuna
47%
No matching quizzes found
Score Distribution
Percent of People with Each Score
Percentile by Number Answered
Your Score History
You have not taken this quiz